00608nam a22001697a 450000500170000001000150001702000260003203500140005803700130007208200080008510000270009324501450012026000440026527000920030930000200040170000170042120220302105326.0 aENG-131832 a9788194004288c125.00 aEN-115364 bDBAD/PUB a881 aVirumbi's, Muththamizh aSongs of Dryness:bCollection of Poems from the only living Classical Language, Tamil/cMuththamizh Virumbi's and Translated by C. Rajeswari aChennaibOlivannan Gopalakrishnanc2019 a15 A, First Floor, Casa Major Road, EgmorebChennaie600008minfo@emeraldpublishers.com a82p.c18cm(pbk) aRajeswari, C